LEADER 01146nam a2200289 i 4500 001 991001555949707536 008 030415s1997 enk 000 0 eng d 020 $a019854894X 035 $ab12163934-39ule_inst 040 $aDip.to Biologia$beng 082 0 $a576.8$222 100 1 $aMoller, Anders Pape$0451015 245 10$aAsymmetry, developmental stability, and evolution /$cAnders Pape Møller, John P. Swaddle 260 3 $aOxford ;$aNew York :$bOxford University Press,$c1997 300 $axi, 291 p. :$bill. ;$c24 cm 440 0$aOxford series in ecology and evolution 504 $aIncludes bibliographical references (p. [231]-271) and indexes 650 0$aEvolution (Biology) 650 0$aSymmetry (Biology) 650 0$aDevelopmental biology 700 1 $aSwaddle, John P. 907 $a.b12163934$b02-04-14$c15-04-03 912 $a991001555949707536 945 $aLE003 576.8 MOL01.01 (1997)$g1$i2003000039979$lle003$o-$pE0.00$q-$rl$s- $t0$u0$v0$w0$x0$y.i12500744$z15-04-03 996 $aAsymmetry, developmental stability, and evolution$9147495 997 $aUNISALENTO 998 $ale003$b15-04-03$cm$da $e-$feng$gxxk$h0$i1